Tanhai jinhein Dohrati He / (Record no. 525419)
[ view plain ]
| 000 -LEADER | |
|---|---|
| fixed length control field | 00451nam a22001697a 4500 |
| 003 - CONTROL NUMBER IDENTIFIER | |
| control field | NUST |
| 038 ## - RECORD CONTENT LICENSOR | |
| Staff Name | Arshad |
| 082 ## - DEWEY DECIMAL CLASSIFICATION NUMBER | |
| Classification number | 928 |
| Author Mark | AKR |
| 100 ## - MAIN ENTRY--PERSONAL NAME | |
| Personal name | Akram, Peer |
| 9 (RLIN) | 16285 |
| 245 ## - TITLE STATEMENT | |
| Title | Tanhai jinhein Dohrati He / |
| Statement of responsibility, etc. | Peer Akram |
| 260 ## - PUBLICATION, DISTRIBUTION, ETC. | |
| Place of publication, distribution, etc. | Lahore : |
| Name of publisher, distributor, etc. | Tayiba Printers, |
| Date of publication, distribution, etc. | 2007. |
| 300 ## - PHYSICAL DESCRIPTION | |
| Extent | 644 p. ; |
| 500 ## - GENERAL NOTE | |
| General note | Hardcover. |
| 880 ## - ALTERNATE GRAPHIC REPRESENTATION | |
| Linkage | 100-01\r |
| Title | پیراکرم |
| 880 ## - ALTERNATE GRAPHIC REPRESENTATION | |
| Linkage | 245-02\r |
| Title | تنہائی جنہیں دہراتی ہے / |
| 942 ## - ADDED ENTRY ELEMENTS (KOHA) | |
| Source of classification or shelving scheme | |
| Koha item type | Book |
| Withdrawn status | Lost status | Source of classification or shelving scheme | Damaged status | Not for loan | Permanent Location | Current Location | Shelving location | Date acquired | Total Checkouts | Full call number | Barcode | Date last seen | Price effective from | Koha item type |
|---|---|---|---|---|---|---|---|---|---|---|---|---|---|---|
| Central Library (CL) | Central Library (CL) | Urdu Literature | 07/02/2019 | 928 AKR | CL-E-537 | 01/25/2024 | 07/02/2019 | Book |
